Statistiken für Fußball - 50 Top-Spieler mit den meisten Assists (2010er Europa)

Klicken Sie hier um das Quiz zu spielen!

Allgemein

  • Dieses Quiz wurde 230 mal gespielt
  • Das Durchschnittsergebnis liegt bei 28 aus 50

Antwortstatistiken

AssistsVereine zwischen 2010-2019Antwort% Korrekt
192FC BarcelonaLionel Messi
97%
129Real Madrid, JuventusCristiano Ronaldo
94%
134Bayern MünchenThomas Müller
93%
120FC Chelsea, Werder Bremen, VfL Wolfsburg, Manchester CityKevin de Bruyne
87%
149Werder Bremen, Real Madrid, FC ArsenalMesut Özil
86%
100FC Bayern, Bayer Leverkusen, Real MadridToni Kroos
86%
92FC Barcelona, PSGNeymar
82%
82Borussia Mönchengladbach, Borussia DortmundMarco Reus
79%
72FC BarcelonaAndres Iniesta
78%
109FC Bayern, AC FlorenzFranck Ribery
76%
104Real MadridKarim Benzema
76%
68Borussia Dortmund, FC BayernMario Götze
76%
78Bayern MünchenArjen Robben
75%
95Tottenham Hotspur, Real MadridGareth Bale
74%
65Borussia Dortmund, FC BayernRobert Lewandowski
74%
128FC Liverpool, FC BarcelonaLuis Suarez
73%
78TSG 1899 Hoffenheim, FC LiverpoolRoberto Firmino
69%
156Real Madrid, Manchester United, PSGAngel di Maria
68%
128FC Valencia, Manchester CityDavid Silva
66%
115OSC Lille, FC Chelsea, Real MadridEden Hazard
64%
75FC Schalke 04, FC Sevilla, FC BarcelonaIvan Rakitic
63%
72FC Liverpool, Manchester CityRaheem Sterling
63%
118FC Arsenal, FC Barcelona, FC Chelsea, AS MonacoCesc Fabregas
58%
65Inter Mailand, Espanyol Barcelona, FC Liverpool, FC Barcelona, FC BayernPhilippe Coutinho
58%
77Manchester United, FC EvertonWayne Rooney
56%
87FC Barcelona, AC Milan, PSG, Manchester UnitedZlatan Ibrahimovic
55%
68SSC NeapelDries Mertens
54%
68VfL Wolfsburg, Manchester City, AS RomEdin Dzeko
54%
109AS Saint-Etienne, OSC Lille, Olympique Marseille, West Ham UnitedDimitri Payet
52%
69SSC NeapelLorenzo Insigne
49%
71Atletico Madrid, Manchester CitySergio Aguero
47%
87Atletico MadridKoke
42%
64Borussia Dortmund, Manchester United, FC Arsenal, AS RomHenrikh Mkhitaryan
41%
76AS Monaco, Real Madrid, FC BayernJames Rodriguez
41%
71Werder Bremen, SC Freiburg, Borussia Mönchengladbach, VfL WolfsburgMax Kruse
41%
73Real Madrid, SSC Neapel, Juventus, AC Milan, FC ChelseaGonzalo Higuain
39%
84Manchester City, FC LiverpoolJames Milner
36%
87SSC NeapelMarek Hamsik
36%
104FC Valencia, FC Chelsea, Manchester UnitedJuan Mata
35%
73Real MadridMarcelo
35%
86FC Barcelona, FC Arsenal, Manchester United, Inter Mailand)Alexis Sanchez
33%
91Tottenham HotspurChristian Eriksen
33%
69Bayer Leverkusen, Borussia Dortmund, VfB StuttgartGonzalo Castro
33%
77FC Sevilla, Manchester CityJesus Navas
29%
94FC Barcelona, Juventus, PSGDani Alves
28%
83Espanyol Barcelona, Real Madrid, SSC NeapelJose Callejon
24%
89Olympique Lyon, AS Rom, JuventusMiralem Pjanic
24%
81FC Arsenal, FC Malaga, FC VillarrealSanti Cazorla
22%
64RCD Mallorca, FC Villarreal, AC Florenz, Inter MailandBorja Valero
7%
73Athletic ClubMarkel Susaeta
2%

Verteilung der Resultate

Perzentil nach korrekt beantworteten Fragen

Anzahl Personen mit jedem Resultat

Ihre Resultats-Entwicklung

Sie haben dieses Quiz noch nicht gespielt